000 00291nam a22001337a 4500
008 170203b xxu||||| |||| 00| 0 eng d
020 _a9780878579181
041 _aeng
080 _a61
100 _a3
101 _aSHM
245 _aLISTEN TO YOUR BODY
_cSHERMAN JANE
942 _2udc
_cBK
999 _c4456
_d4456